[Event "4NCL Division 2b"]
[Site "Hinckley Island ENG"]
[Date "2015.01.10"]
[Round "3.251"]
[White "Snuverink, Jochem"]
[Black "Coleman, David"]
[Result "1-0"]
[WhiteElo "2353"]
[BlackElo "2230"]
[PlyCount "97"]
[EventDate "2015.01.10"]
[WhiteTeam "Kings Head"]
[BlackTeam "Barbican 4NCL Youth"]

1. e4 d5 2. exd5 Qxd5 3. Nc3 Qa5 4. d4 Nf6 5. Nf3 c6 6. Bc4 Bf5 7. Ne5 e6 8. g4
Bg6 9. h4 Nbd7 10. Nxd7 Nxd7 11. h5 Be4 12. O-O Bd5 13. Nxd5 cxd5 14. Bd3 h6
15. Bf4 Qb6 16. Re1 Bd6 17. Qd2 Qc7 18. Be3 Rc8 19. Kh1 Qd8 20. f3 Qh4+ 21. Kg1
O-O 22. Qg2 f5 23. Bf2 Qf6 24. gxf5 exf5 25. Re2 Rfe8 26. Rae1 Kf8 27. Qh3 Rxe2
28. Rxe2 Qg5+ 29. Kf1 Re8 30. Qxf5+ Qxf5 31. Bxf5 Rxe2 32. Kxe2 Nf6 33. Bg6 Ke7
34. Kd3 Nd7 35. c4 dxc4+ 36. Kxc4 Nb6+ 37. Kd3 Nd5 38. Ke4 Nf4 39. Bh4+ Kd7 40.
Bf5+ Kc6 41. Bg4 g6 42. hxg6 Nxg6 43. Bf2 Bf8 44. d5+ Kc7 45. Kf5 Ne7+ 46. Ke6
Nc8 47. Be3 Nd6 48. Bf4 b5 49. b4 1-0

[Event "4NCL Division 2b"]
[Site "Hinckley Island ENG"]
[Date "2015.01.10"]
[Round "3.252"]
[White "Berry, Neil"]
[Black "McMichael, Richard J"]
[Result "1-0"]
[WhiteElo "2225"]
[BlackElo "2195"]
[PlyCount "89"]
[EventDate "2015.01.10"]
[WhiteTeam "Barbican 4NCL Youth"]
[BlackTeam "Kings Head"]

1. d4 e6 2. e4 d5 3. Nc3 Bb4 4. e5 c5 5. a3 Ba5 6. b4 cxd4 7. Qg4 Ne7 8. bxa5
dxc3 9. Qxg7 Rg8 10. Qxh7 Qc7 11. Nf3 Nbc6 12. Bf4 Bd7 13. a6 b6 14. Bg3 O-O-O
15. Bd3 Rdf8 16. O-O Ng6 17. Rfe1 Be8 18. Qh6 Kb8 19. Rab1 Bd7 20. Qe3 Rc8 21.
Rb5 Nge7 22. Reb1 Ka8 23. a4 Rb8 24. h4 Rg4 25. R5b3 Na5 26. Rb4 Nc4 27. Qe2
Qc5 28. Bxc4 dxc4 29. Ng5 Rxg3 30. Rxc4 Rxg2+ 31. Kxg2 Bc6+ 32. Kf1 Qd5 33. Qe4
Qd7 34. Rxc6 Nxc6 35. Rb3 Rc8 36. Rxc3 Kb8 37. Rd3 Qc7 38. Rc3 Qd7 39. Rd3 Qc7
40. Rd6 Na5 41. Rd4 Rh8 42. Qd3 Nc6 43. Rc4 Kc8 44. Qe4 Kd7 45. Nf3 1-0

[Event "4NCL Division 2b"]
[Site "Hinckley Island ENG"]
[Date "2015.01.10"]
[Round "3.253"]
[White "Guthrie, David W"]
[Black "Moss, Guy"]
[Result "1-0"]
[WhiteElo "2185"]
[BlackElo "2016"]
[PlyCount "75"]
[EventDate "2015.01.10"]
[WhiteTeam "Kings Head"]
[BlackTeam "Barbican 4NCL Youth"]

1. d4 d5 2. c4 c6 3. Nf3 Nf6 4. Nc3 dxc4 5. a4 Bf5 6. Ne5 Nbd7 7. Nxc4 e6 8. f3
Bb4 9. Bg5 Qc7 10. e4 Bg6 11. Be2 O-O 12. O-O Rfe8 13. Qb3 Be7 14. Be3 e5 15.
dxe5 Nxe5 16. Bf4 Nfd7 17. Bg3 Bh5 18. Rad1 Bf6 19. Qc2 Rf8 20. Kh1 Qc8 21. Nd6
Qd8 22. f4 Ng4 23. Qd2 Nc5 24. e5 Be7 25. h3 Nb3 26. Qd3 Nc5 27. Qd4 Bh4 28.
Bxh4 Qxh4 29. Nf5 Nb3 30. Nxh4 Nxd4 31. Rxd4 Ne3 32. Rf2 Nc2 33. Rd2 Bxe2 34.
Rxc2 Bc4 35. Rcd2 b5 36. Nf5 b4 37. Ne4 Rad8 38. Ned6 1-0

[Event "4NCL Division 2b"]
[Site "Hinckley Island ENG"]
[Date "2015.01.10"]
[Round "3.254"]
[White "Hodgson, John"]
[Black "Lewis, Alex"]
[Result "1/2-1/2"]
[WhiteElo "2111"]
[BlackElo "2170"]
[PlyCount "57"]
[EventDate "2015.01.10"]
[WhiteTeam "Barbican 4NCL Youth"]
[BlackTeam "Kings Head"]

1. e4 c5 2. Nf3 d6 3. d4 cxd4 4. Nxd4 Nf6 5. Nc3 g6 6. Be3 Bg7 7. f3 O-O 8. Qd2
Nc6 9. Bc4 Bd7 10. O-O-O Ne5 11. Bd3 Qa5 12. Kb1 Rfc8 13. h4 Nc4 14. Bxc4 Rxc4
15. Nb3 Qc7 16. g4 Rc8 17. e5 Rxc3 18. Qxc3 Qxc3 19. bxc3 Ne8 20. Bd4 Bc6 21.
exd6 Nxd6 22. Bxg7 Kxg7 23. Rd3 Bb5 24. Re3 e6 25. Nd2 Rc5 26. Ne4 Nxe4 27.
fxe4 Re5 28. a3 Bc6 29. Rhe1 1/2-1/2

[Event "4NCL Division 2b"]
[Site "Hinckley Island ENG"]
[Date "2015.01.10"]
[Round "3.99"]
[White "Wittmann, Jochen"]
[Black "Stewart, Ashley"]
[Result "1-0"]
[WhiteElo "2103"]
[BlackElo "2084"]
[PlyCount "87"]
[EventDate "2015.01.10"]

1. f4 d5 2. Nf3 g6 3. g3 Bg7 4. Bg2 c5 5. d3 d4 6. O-O Nc6 7. c3 Nh6 8. h3 Nf5
9. g4 dxc3 10. bxc3 Nfd4 11. Be3 Nxf3+ 12. Bxf3 Qa5 13. Qb3 Bd7 14. Rc1 Rb8 15.
Nd2 O-O 16. Qd5 Qc7 17. Qxc5 Rfc8 18. Ne4 Qd8 19. Qg5 h6 20. Qh4 Qa5 21. Nc5
Be8 22. Nb3 Qc7 23. g5 hxg5 24. Qxg5 Bf6 25. Qg3 Kg7 26. Nc5 Bd7 27. Ne4 Rh8
28. Nxf6 Rxh3 29. Nh5+ Kh7 30. Qg5 Rg8 31. Kf2 f6 32. Nxf6+ exf6 33. Qxf6 Qd8
34. Qxd8 Rxd8 35. Rh1 Rxh1 36. Rxh1+ Kg7 37. Be4 Rf8 38. Rg1 Bf5 39. Bd5 Rd8
40. c4 Kf6 41. Rh1 Kg7 42. Bd2 Rd7 43. Bc3+ Kf8 44. Bf6 1-0

[Event "4NCL Division 2b"]
[Site "Hinckley Island ENG"]
[Date "2015.01.10"]
[Round "3"]
[White "Goldie, Thomas"]
[Black "Davey, Mark"]
[Result "1/2-1/2"]
[WhiteElo "1991"]
[BlackElo "1991"]
[PlyCount "100"]
[EventDate "2015.01.10"]
[WhiteTeam "Barbican 4NCL Youth"]
[BlackTeam "Kings Head"]

1. e4 c5 2. Nf3 Nc6 3. d4 cxd4 4. Nxd4 Nf6 5. Nc3 d6 6. Bg5 Qa5 7. Bxf6 gxf6 8.
f4 Bg7 9. Nb3 Qd8 10. Qd2 f5 11. exf5 Bxf5 12. Bd3 Qd7 13. O-O-O Bxd3 14. Qxd3
Nb4 15. Qe4 Bxc3 16. bxc3 Nc6 17. Rhe1 O-O-O 18. Nd4 e6 19. Nb5 d5 20. Qa4 a6
21. Nd4 Rhg8 22. g3 Nxd4 23. Qxd7+ Kxd7 24. cxd4 Rg4 25. Re5 Rh8 26. Rh5 f5 27.
Rd3 h6 28. Rb3 Kc6 29. a4 b6 30. Kd2 Rg6 31. Ke2 Rh7 32. Kf2 Kb7 33. a5 b5 34.
Rc3 Rc7 35. Rxc7+ Kxc7 36. h3 b4 37. Kf3 Kc6 38. g4 fxg4+ 39. hxg4 Kb5 40. f5
exf5 41. gxf5 Rc6 42. Kf4 Rxc2 43. Rxh6 Kxa5 44. Rh3 Kb5 45. f6 Rc7 46. Ke5 Kc4
47. Rh1 Rb7 48. Rf1 Rf7 49. Ra1 Ra7 50. Rf1 Rf7 1/2-1/2

[Event "4NCL Division 2b"]
[Site "Hinckley Island ENG"]
[Date "2015.01.10"]
[Round "3.1"]
[White "Gilfillan, Andrew"]
[Black "Keen, Cosima"]
[Result "1-0"]
[WhiteElo "1966"]
[BlackElo "1805"]
[PlyCount "65"]
[EventDate "2015.01.10"]
[WhiteTeam "Kings Head"]
[BlackTeam "Barbican 4NCL Youth"]

1. c4 e6 2. Nc3 d5 3. d4 Nf6 4. Bg5 Be7 5. e3 O-O 6. Nf3 a6 7. Rc1 Re8 8. Bd3
dxc4 9. Bxc4 b5 10. Bd3 Bb7 11. O-O Nbd7 12. Bb1 Rc8 13. Re1 c5 14. e4 cxd4 15.
Qxd4 Bc5 16. Qd3 h6 17. Bh4 g5 18. Bg3 Nf8 19. Qe2 Qa5 20. e5 Nd5 21. Ne4 Bb4
22. Red1 Rxc1 23. Rxc1 Rc8 24. Rxc8 Bxc8 25. h4 gxh4 26. Nxh4 Nd7 27. Nd6 Bxd6
28. exd6 N7b6 29. Nf3 Bb7 30. Ne5 Qb4 31. d7 Qe7 32. Qe3 Nb4 33. d8=Q+ 1-0

[Event "4NCL Division 2b"]
[Site "Hinckley Island ENG"]
[Date "2015.01.10"]
[Round "3.2"]
[White "Morrison, Lynne"]
[Black "Onslow, Alfie"]
[Result "0-1"]
[WhiteElo "1885"]
[BlackElo "1603"]
[PlyCount "44"]
[EventDate "2015.01.10"]
[WhiteTeam "Barbican 4NCL Youth"]
[BlackTeam "Kings Head"]

1. d4 d5 2. Nf3 Nf6 3. e3 e6 4. Bd3 c5 5. c3 Nc6 6. Nbd2 Bd6 7. O-O O-O 8. Re1
e5 9. dxe5 Nxe5 10. Nxe5 Bxe5 11. e4 Bxh2+ 12. Kxh2 Ng4+ 13. Kg3 Qb6 14. exd5
c4 15. Bxh7+ Kxh7 16. Qc2+ Kg8 17. Nxc4 Qc7+ 18. Bf4 Qxc4 19. Rh1 Nh6 20. f3
Nf5+ 21. Kf2 Qxf4 22. g3 Qxg3+ 0-1

[Event "4NCL Division 2b"]
[Site "Hinckley Island ENG"]
[Date "2015.01.10"]
[Round "3.5"]
[White "MacDonald-Ross, Michael"]
[Black "Thompson, Ian D"]
[Result "0-1"]
[WhiteElo "2125"]
[BlackElo "2215"]
[PlyCount "88"]
[EventDate "2015.01.10"]
[WhiteTeam "MK Phoenix 1"]
[BlackTeam "BCM Dragons [1]"]

1. d4 Nf6 2. Nf3 g6 3. g3 Bg7 4. Bg2 d5 5. O-O O-O 6. c4 dxc4 7. Na3 c3 8. bxc3
c5 9. Bb2 Nc6 10. Nc4 Be6 11. Ncd2 Qb6 12. Ba3 cxd4 13. cxd4 Nxd4 14. Rb1 Nxf3+
15. Bxf3 Qa5 16. Bxe7 Rfe8 17. Bxb7 Rab8 18. Bb4 Qc7 19. Bf3 Bxa2 20. Rc1 Qd8
21. Qa4 Bd5 22. Rfd1 Bxf3 23. Nxf3 Qb6 24. Bc5 Qe6 25. Rd2 Ne4 26. Rdc2 Nxc5
27. Rxc5 Qxe2 28. Qf4 Bh6 29. Ng5 Bxg5 30. Qxg5 Qf3 31. R5c3 Re1+ 32. Rxe1 Qxc3
33. Rc1 Qf3 34. Qe5 Rd8 35. Qe1 Qb7 36. Rb1 Qd7 37. Qa5 Rc8 38. Qa6 h5 39. h4
Qf5 40. Re1 Qc5 41. Ra1 Rc7 42. Rb1 Qd4 43. Qa2 Rc3 44. Kh2 a5 0-1

[Event "4NCL Division 2b"]
[Site "Hinckley Island ENG"]
[Date "2015.01.10"]
[Round "3.6"]
[White "Tavares, Shawn P"]
[Black "Habershon, Paul"]
[Result "1/2-1/2"]
[WhiteElo "2129"]
[BlackElo "2115"]
[PlyCount "90"]
[EventDate "2015.01.10"]
[WhiteTeam "BCM Dragons [1]"]
[BlackTeam "MK Phoenix 1"]

1. c4 Nf6 2. g3 c6 3. Nf3 d5 4. Bg2 e6 5. O-O Nbd7 6. b3 Be7 7. Bb2 O-O 8. d3
Re8 9. Nbd2 Bd6 10. e4 dxe4 11. Nxe4 Nxe4 12. dxe4 Qc7 13. Qd2 e5 14. Rad1 Bf8
15. Qc3 f6 16. b4 a5 17. a3 axb4 18. axb4 Nb6 19. Ra1 Be6 20. c5 Na4 21. Qc2
Nxb2 22. Qxb2 b6 23. Rfc1 bxc5 24. bxc5 Reb8 25. Qc3 Rxa1 26. Qxa1 Rb5 27. Bf1
Ra5 28. Qb2 Rxc5 29. Nd2 Rxc1 30. Qxc1 Qd7 31. Bc4 Kf7 32. Kg2 Bb4 33. Bxe6+
Qxe6 34. Nc4 Kg6 35. Qc2 Qd7 36. Ne3 Qd6 37. h4 Qe6 38. Nf5 Kf7 39. Qa4 Be7 40.
h5 g6 41. Ne3 Kg7 42. Qa7 Kh6 43. hxg6 hxg6 44. Qa8 Kg7 45. Qe8 Qd6 1/2-1/2

[Event "4NCL Division 2b"]
[Site "Hinckley Island ENG"]
[Date "2015.01.10"]
[Round "3.7"]
[White "Brown, Alan"]
[Black "Purdon, Colin"]
[Result "1/2-1/2"]
[WhiteElo "2097"]
[BlackElo "2074"]
[PlyCount "41"]
[EventDate "2015.01.10"]
[WhiteTeam "MK Phoenix 1"]
[BlackTeam "BCM Dragons [1]"]

1. d4 d5 2. Nf3 Nc6 3. Bf4 Bg4 4. e4 e6 5. Be2 Nf6 6. Nbd2 Bd6 7. Bxd6 cxd6 8.
c4 dxc4 9. Nxc4 O-O 10. O-O Rc8 11. Rc1 Bxf3 12. Bxf3 d5 13. Nd2 Qa5 14. a3 Rc7
15. Rc5 Qb6 16. Qc2 Nd7 17. Rc3 Rcc8 18. Rc1 Ne7 19. Qb1 Rxc3 20. Rxc3 Rc8 21.
Rxc8+ 1/2-1/2

[Event "4NCL Division 2b"]
[Site "Hinckley Island ENG"]
[Date "2015.01.10"]
[Round "3.8"]
[White "Fegan, Chris"]
[Black "Fraser Mitchell, Jeremy"]
[Result "1-0"]
[WhiteElo "2084"]
[BlackElo "2067"]
[PlyCount "61"]
[EventDate "2015.01.10"]
[WhiteTeam "BCM Dragons [1]"]
[BlackTeam "MK Phoenix 1"]

1. b3 e5 2. Bb2 d6 3. e3 Nf6 4. d4 exd4 5. exd4 Be7 6. Bd3 O-O 7. Ne2 Bg4 8.
O-O Nbd7 9. h3 Bh5 10. f4 Bxe2 11. Qxe2 c6 12. c4 Re8 13. g4 d5 14. Qf3 Bb4 15.
c5 Ne4 16. a3 Ba5 17. g5 f5 18. Qg2 Qe7 19. b4 Bc7 20. Nd2 g6 21. Rae1 Qf7 22.
Nxe4 fxe4 23. Be2 Nf8 24. Qg4 Ne6 25. f5 gxf5 26. Rxf5 Qe7 27. Rf6 Kh8 28. Kh1
Bd8 29. Ref1 Nf8 30. Rf7 Qxg5 31. Rxf8+ 1-0

[Event "4NCL Division 2b"]
[Site "Hinckley Island ENG"]
[Date "2015.01.10"]
[Round "3.9"]
[White "Freeman, Richard"]
[Black "Richardson, Keith B"]
[Result "1-0"]
[WhiteElo "2041"]
[BlackElo "2055"]
[PlyCount "107"]
[EventDate "2015.01.10"]

1. f4 Nf6 2. Nf3 g6 3. d3 d5 4. c3 Bg7 5. Qc2 O-O 6. e4 Nc6 7. e5 Nh5 8. d4 f6
9. Be3 Bg4 10. Nbd2 Bh6 11. g3 Ng7 12. O-O-O fxe5 13. dxe5 e6 14. Re1 Nf5 15.
Bf2 d4 16. cxd4 Nfxd4 17. Nxd4 Nxd4 18. Qc4 c5 19. h3 b5 20. Qd3 Bf5 21. Qc3
Qd5 22. Bd3 Qxa2 23. Bxf5 gxf5 24. Bxd4 cxd4 25. Qb3 Rac8+ 26. Kd1 Qxb3+ 27.
Nxb3 Rfd8 28. Kd2 Bf8 29. Rc1 Kf7 30. Rxc8 Rxc8 31. Rc1 Bb4+ 32. Kd3 Rxc1 33.
Nxc1 Be1 34. g4 fxg4 35. hxg4 Kg6 36. Ke4 a5 37. f5+ exf5+ 38. gxf5+ Kf7 39.
Nd3 Bh4 40. Kxd4 Be7 41. Nf4 a4 42. Nd5 b4 43. e6+ Ke8 44. Ke5 a3 45. bxa3 bxa3
46. Nc3 Bb4 47. Na2 Ba5 48. f6 h5 49. Kd6 Bd8 50. e7 Bxe7+ 51. fxe7 h4 52. Ke6
h3 53. Nc3 a2 54. Nd5 1-0

[Event "4NCL Division 2b"]
[Site "Hinckley Island ENG"]
[Date "2015.01.10"]
[Round "3.10"]
[White "Scrimgour, Alan"]
[Black "Smith, Graham"]
[Result "1/2-1/2"]
[WhiteElo "2031"]
[BlackElo "2038"]
[PlyCount "43"]
[EventDate "2015.01.10"]
[WhiteTeam "BCM Dragons [1]"]
[BlackTeam "MK Phoenix 1"]

1. e4 c5 2. c3 Nf6 3. e5 Nd5 4. d4 cxd4 5. cxd4 e6 6. Nf3 b6 7. Nc3 Nxc3 8.
bxc3 Qc7 9. Bd2 d5 10. Bd3 Nc6 11. O-O Bd7 12. Ng5 Be7 13. Re1 Bxg5 14. Bxg5
Na5 15. Rc1 Nc4 16. Qg4 Ba4 17. Bh4 Kf8 18. f4 h5 19. Qh3 g6 20. Bf6 Rh7 21.
Qf3 Bc6 22. Qe2 1/2-1/2

[Event "4NCL Division 2b"]
[Site "Hinckley Island ENG"]
[Date "2015.01.10"]
[Round "3.11"]
[White "Grieve, Harry"]
[Black "Amato, Giampiero"]
[Result "1/2-1/2"]
[WhiteElo "1912"]
[BlackElo "1937"]
[PlyCount "83"]
[EventDate "2015.01.10"]
[WhiteTeam "MK Phoenix 1"]
[BlackTeam "BCM Dragons [1]"]

1. d4 c5 2. d5 Nf6 3. c4 g6 4. Nc3 Bg7 5. e4 O-O 6. g3 d6 7. Bg2 e6 8. Nge2
exd5 9. exd5 Re8 10. O-O Bf5 11. h3 h5 12. f3 Qb6 13. g4 Bc8 14. Ng3 Na6 15.
Qc2 Nb4 16. Qb1 hxg4 17. fxg4 Nd7 18. a3 Na6 19. Qc2 Ne5 20. b3 Qd8 21. Nge4 f6
22. Nb5 Nf7 23. Bb2 f5 24. Bxg7 Kxg7 25. Qc3+ Kf8 26. gxf5 Bxf5 27. Ng3 Qg5 28.
Nxf5 gxf5 29. Qf3 Re5 30. Qf4 Qxf4 31. Rxf4 Ke7 32. Raf1 Nh6 33. Rh4 Rh8 34.
Nxa7 Nc7 35. Nb5 Nxb5 36. cxb5 Kf6 37. a4 Kg5 38. Rhf4 Rhe8 39. a5 Re3 40. R4f3
Rxf3 41. Bxf3 Nf7 42. Ra1 1/2-1/2

[Event "4NCL Division 2b"]
[Site "Hinckley Island ENG"]
[Date "2015.01.10"]
[Round "3.12"]
[White "Head, Louise"]
[Black "Lambourne, Dan"]
[Result "1/2-1/2"]
[WhiteElo "1940"]
[BlackElo "2013"]
[PlyCount "108"]
[EventDate "2015.01.10"]
[WhiteTeam "BCM Dragons [1]"]
[BlackTeam "MK Phoenix 1"]

1. d4 Nf6 2. c4 e6 3. Nf3 d5 4. Bg5 Be7 5. e3 Ne4 6. Bxe7 Qxe7 7. Nc3 Nf6 8.
Be2 O-O 9. O-O Nbd7 10. Qc2 c6 11. e4 dxe4 12. Nxe4 e5 13. Bd3 exd4 14. Nxd4
Nxe4 15. Bxe4 Nf6 16. Bd3 Qe5 17. Nf3 Qh5 18. Rfe1 Bg4 19. Nd2 Rae8 20. Ne4
Nxe4 21. Rxe4 Rxe4 22. Bxe4 g6 23. h3 Be6 24. b4 Qe5 25. Rd1 Re8 26. Bf3 Qf4
27. b5 Bxc4 28. bxc6 bxc6 29. Qa4 a6 30. Qxc6 Bb5 31. Qc1 Qxc1 32. Rxc1 Rd8 33.
Rc2 Rd6 34. Be2 Bxe2 35. Rxe2 Rd4 36. Kh2 Kg7 37. Kg3 Kf6 38. Kf3 Kf5 39. Re7
Kf6 40. Re4 Rd3+ 41. Re3 Rxe3+ 42. Kxe3 Ke5 43. Kd3 Kd5 44. Kc3 Kc5 45. Kb3 a5
46. Ka4 Kb6 47. h4 h5 48. g3 f6 49. Kb3 Kc5 50. Ka4 Kb6 51. Kb3 Kb5 52. f4 f5
53. a4+ Kc5 54. Kc3 Kd5 1/2-1/2

[Event "4NCL Division 2b"]
[Site "Hinckley Island ENG"]
[Date "2015.01.10"]
[Round "3.15"]
[White "Gantner, Matthias"]
[Black "Pleasants, Allan J"]
[Result "1-0"]
[WhiteElo "2229"]
[BlackElo "2117"]
[PlyCount "77"]
[EventDate "2015.01.10"]
[WhiteTeam "White Rose 2"]
[BlackTeam "Wessex"]

1. e4 d6 2. d4 g6 3. Nc3 Bg7 4. g3 Nc6 5. d5 Nb8 6. Bg2 Nf6 7. h3 c6 8. Nf3 O-O
9. O-O cxd5 10. exd5 Na6 11. Bg5 Nc5 12. Re1 Bd7 13. Nd4 Rc8 14. Qd2 Re8 15. a4
Qa5 16. Ncb5 Qxd2 17. Bxd2 a6 18. Nc3 Nfe4 19. Nxe4 Bxd4 20. c3 Bg7 21. Nxc5
Rxc5 22. Ra3 f5 23. Be3 Rc4 24. Rea1 Rf8 25. Rb3 Bc8 26. Bf1 Rc7 27. Bb6 Rd7
28. Re1 e5 29. dxe6 Re7 30. Bd4 Rfe8 31. Bc4 Bxd4 32. cxd4 d5 33. Bxd5 Rd8 34.
Re5 Kg7 35. Rb6 Kf6 36. f4 h6 37. Kf2 g5 38. Ke3 Rg8 39. Bc4 1-0

[Event "4NCL Division 2b"]
[Site "Hinckley Island ENG"]
[Date "2015.01.10"]
[Round "3.16"]
[White "Lock, Gavin R"]
[Black "Buckley, Simon"]
[Result "1/2-1/2"]
[WhiteElo "2144"]
[BlackElo "2345"]
[PlyCount "59"]
[EventDate "2015.01.10"]
[WhiteTeam "Wessex"]
[BlackTeam "White Rose 2"]

1. d4 e6 2. Nf3 Nf6 3. Bg5 Be7 4. Nbd2 d5 5. e3 Nbd7 6. Bd3 b6 7. c3 Bb7 8. Qb1
h6 9. Bh4 c5 10. O-O O-O 11. b4 Bc6 12. a4 a5 13. dxc5 axb4 14. cxb4 bxc5 15.
b5 Bb7 16. Qb2 c4 17. Be2 Nc5 18. Qc2 Ra7 19. Ra2 Qb6 20. Rfa1 Rfa8 21. h3 Qd8
22. Ne5 g5 23. Bg3 Nfe4 24. Nxe4 Nxe4 25. Bh2 f5 26. g4 Bf6 27. Rd1 Qe8 28.
Rda1 Qd8 29. Rd1 Qe8 30. Rda1 1/2-1/2

[Event "4NCL Division 2b"]
[Site "Hinckley Island ENG"]
[Date "2015.01.10"]
[Round "3.17"]
[White "Weller, Jean-Luc"]
[Black "Gregory, Keith DF"]
[Result "1-0"]
[WhiteElo "2249"]
[BlackElo "2028"]
[PlyCount "55"]
[EventDate "2015.01.10"]
[WhiteTeam "White Rose 2"]
[BlackTeam "Wessex"]

1. d4 d6 2. e4 Nf6 3. Nc3 Nbd7 4. Nf3 e5 5. Bc4 h6 6. O-O Be7 7. Qe2 c6 8. a4
Qc7 9. b3 Nf8 10. Nd1 Bg4 11. dxe5 dxe5 12. Ne3 Bxf3 13. Qxf3 N8d7 14. Nf5 Bf8
15. Rd1 O-O-O 16. Bxf7 Nc5 17. Rxd8+ Kxd8 18. Bg6 Ncxe4 19. Nxg7 Qxg7 20. Bxe4
Kc7 21. Be3 Kb8 22. a5 a6 23. Qf5 Bd6 24. Rd1 Qe7 25. c3 Ne8 26. b4 Ng7 27. Qg6
Kc7 28. Bb6+ 1-0

[Event "4NCL Division 2b"]
[Site "Hinckley Island ENG"]
[Date "2015.01.10"]
[Round "3.18"]
[White "Tunks, Dominic R"]
[Black "Adams, David"]
[Result "0-1"]
[WhiteElo "2050"]
[BlackElo "2212"]
[PlyCount "72"]
[EventDate "2015.01.10"]

1. d4 d6 2. e4 Nf6 3. Nc3 e5 4. dxe5 dxe5 5. Qxd8+ Kxd8 6. Nf3 Bd6 7. Bg5 c6 8.
O-O-O Ke7 9. Bc4 Bc7 10. Rd3 Nbd7 11. Nh4 h6 12. Nf5+ Kf8 13. Be3 b5 14. Bb3 a5
15. a3 Ng4 16. Rhd1 Nxe3 17. Rxe3 Nc5 18. Ba2 b4 19. Ne2 Nxe4 20. Nxg7 Nf6 21.
Nf5 Ng4 22. Neg3 Nxe3 23. fxe3 h5 24. Rf1 Rh7 25. Ne4 Bxf5 26. Rxf5 Ke7 27. Nf6
Rh6 28. Nxh5 f6 29. g4 bxa3 30. bxa3 Bd6 31. a4 Rd8 32. c3 Bc5 33. Rf3 Rd3 34.
g5 Rxh5 35. gxf6+ Kd7 36. f7 Rxh2 0-1

[Event "4NCL Division 2b"]
[Site "Hinckley Island ENG"]
[Date "2015.01.10"]
[Round "3.19"]
[White "Burnett, Jim"]
[Black "de Coverly, Roger D"]
[Result "1-0"]
[WhiteElo "2100"]
[BlackElo "2002"]
[PlyCount "135"]
[EventDate "2015.01.10"]
[WhiteTeam "White Rose 2"]
[BlackTeam "Wessex"]

1. d4 Nf6 2. c4 g6 3. g3 Bg7 4. Bg2 O-O 5. Nc3 c5 6. Nf3 cxd4 7. Nxd4 Qc7 8. b3
d5 9. Ndb5 Qa5 10. Bd2 dxc4 11. bxc4 a6 12. Nd5 Qd8 13. Ndc7 axb5 14. Nxa8 bxc4
15. Bc3 Nfd7 16. Bxg7 Kxg7 17. Qd2 Nc6 18. O-O Qa5 19. Qxa5 Nxa5 20. Rab1 Ne5
21. Rb5 Nec6 22. Nb6 Be6 23. Rd1 c3 24. Rc5 Bxa2 25. Rxc3 e5 26. e3 Re8 27. f4
e4 28. Bf1 Re6 29. Nd7 Re7 30. Rd6 Nb4 31. Nb6 Be6 32. Rc5 Nac6 33. Bb5 Bf5 34.
Nd5 Nxd5 35. Rdxd5 Nb4 36. Re5 Rxe5 37. Rxe5 b6 38. Re7 Nd5 39. Rb7 Nxe3 40.
Rxb6 Be6 41. Be2 Nd5 42. Rb7 h5 43. Bc4 Nxf4 44. Bxe6 Nxe6 45. Kf2 g5 46. Ke3
Kg6 47. Rb6 Kf5 48. Rb5+ Kg4 49. Kxe4 h4 50. gxh4 gxh4 51. Rb2 f5+ 52. Ke5 Nc5
53. Rg2+ Kh3 54. Rc2 Nd3+ 55. Kxf5 Ne1 56. Rc1 Ng2 57. Rh1 Ne3+ 58. Ke4 Kg2 59.
Re1 Ng4 60. Re2+ Kh3 61. Ra2 Nxh2 62. Kf4 Nf1 63. Rb2 Nh2 64. Rf2 Nf1 65. Rxf1
Kg2 66. Rf3 h3 67. Rg3+ Kh2 68. Kf3 1-0

[Event "4NCL Division 2b"]
[Site "Hinckley Island ENG"]
[Date "2015.01.10"]
[Round "3.20"]
[White "Gill, Oliver"]
[Black "Shaw, Peter"]
[Result "1-0"]
[WhiteElo "2009"]
[BlackElo "2160"]
[PlyCount "77"]
[EventDate "2015.01.10"]
[WhiteTeam "Wessex"]
[BlackTeam "White Rose 2"]

1. e4 e6 2. d4 d5 3. exd5 exd5 4. c4 Nf6 5. Nc3 Be7 6. Bd3 dxc4 7. Bxc4 O-O 8.
Nge2 Nbd7 9. O-O Nb6 10. Bb3 c6 11. Qd3 Nbd5 12. Nxd5 Nxd5 13. Nf4 Nxf4 14.
Bxf4 Bf6 15. Rad1 Qa5 16. Qg3 Re8 17. Be5 Bxe5 18. dxe5 Bf5 19. f4 Rad8 20. Qg5
Qb6+ 21. Kh1 g6 22. Qf6 Be6 23. Bxe6 fxe6 24. Rd6 Rxd6 25. exd6 Qd8 26. Qe5 Qd7
27. Rd1 Rf8 28. g4 c5 29. Kg2 b6 30. Kg3 Re8 31. h4 Rd8 32. h5 gxh5 33. Qxh5
Qg7 34. Qe5 Qd7 35. Qg5+ Kf7 36. Qh5+ Kg8 37. Qg5+ Kf7 38. Rh1 Kf8 39. Rxh7 1-0

[Event "4NCL Division 2b"]
[Site "Hinckley Island ENG"]
[Date "2015.01.10"]
[Round "3.21"]
[White "Weller, Pierre"]
[Black "Bellers, Christopher JV"]
[Result "1/2-1/2"]
[WhiteElo "2067"]
[BlackElo "2026"]
[PlyCount "74"]
[EventDate "2015.01.10"]
[WhiteTeam "White Rose 2"]
[BlackTeam "Wessex"]

1. d4 g6 2. c4 Bg7 3. Nc3 c5 4. d5 Bxc3+ 5. bxc3 f5 6. h4 Nf6 7. h5 Rg8 8. hxg6
hxg6 9. Bf4 d6 10. Nf3 Qa5 11. Qb3 Ne4 12. Bg5 Nd7 13. Rc1 Ndf6 14. Bxf6 Nxf6
15. Ng5 Rb8 16. e3 Bd7 17. Bd3 a6 18. Rb1 Kd8 19. O-O Kc7 20. Rb2 Rge8 21. Rfb1
e5 22. Qb6+ Qxb6 23. Rxb6 Bb5 24. Ne6+ Kxb6 25. a4 Rbc8 26. cxb5 a5 27. c4 Rg8
28. f4 Ng4 29. Re1 e4 30. Bc2 Rh8 31. Bd1 Nf6 32. Ng5 Rc7 33. Kf2 Rh4 34. Kg3
Rh8 35. Rg1 Re7 36. Be2 Kc7 37. Bd1 b6 1/2-1/2

[Event "4NCL Division 2b"]
[Site "Hinckley Island ENG"]
[Date "2015.01.10"]
[Round "3.22"]
[White "Zhou, Yang-Jian"]
[Black "Slade, Theo"]
[Result "1/2-1/2"]
[WhiteElo "1902"]
[BlackElo "1879"]
[PlyCount "87"]
[EventDate "2015.01.10"]
[WhiteTeam "Wessex"]
[BlackTeam "White Rose 2"]

1. Nf3 Nf6 2. c4 b6 3. d4 e6 4. Nc3 Bb7 5. g3 Be7 6. Bg2 O-O 7. O-O Ne4 8. Qc2
Nxc3 9. Qxc3 c5 10. Rd1 Bf6 11. Be3 Nc6 12. Qd2 d6 13. d5 exd5 14. cxd5 Ne7 15.
Ng5 Nf5 16. Bf4 Re8 17. Be4 Bxg5 18. Bxg5 f6 19. Bxf5 fxg5 20. Qd3 h6 21. Be6+
Kh8 22. e4 Bc8 23. Bf7 Rf8 24. Bh5 Qf6 25. Rd2 g4 26. f3 Qxf3 27. Rf1 Qxf1+ 28.
Qxf1 Rxf1+ 29. Kxf1 Bd7 30. Rf2 Kg8 31. Bf7+ Kh7 32. Bh5 Be8 33. Bxg4 Bg6 34.
Rf4 Re8 35. Be6 Re7 36. g4 Be8 37. Rf8 Bd7 38. Bxd7 Rxd7 39. Kf2 g6 40. Rf6 Kg7
41. Re6 Rf7+ 42. Ke3 Rf6 43. Re7+ Rf7 44. Re6 1/2-1/2

[Event "4NCL Division 2b"]
[Site "Hinckley Island ENG"]
[Date "2015.01.10"]
[Round "3.25"]
[White "Lund, Brett"]
[Black "Bremner, Adam"]
[Result "1/2-1/2"]
[WhiteElo "2264"]
[BlackElo "2183"]
[PlyCount "43"]
[EventDate "2015.01.10"]
[WhiteTeam "Spirit of Atticus A"]
[BlackTeam "Grantham Sharks 2"]

1. c4 e6 2. g3 Nf6 3. Nf3 d5 4. Bg2 Be7 5. O-O O-O 6. b3 b6 7. Bb2 Bb7 8. e3
Nbd7 9. Nc3 Ne4 10. Qc2 Nxc3 11. Bxc3 c5 12. Rfd1 Qc7 13. Rac1 dxc4 14. bxc4
Bf6 15. Bxf6 Nxf6 16. d3 Rfd8 17. Qe2 Rd6 18. Ne1 Bxg2 19. Kxg2 Rad8 20. f4 Nd7
21. Qf3 Nb8 22. Rc2 1/2-1/2

[Event "4NCL Division 2b"]
[Site "Hinckley Island ENG"]
[Date "2015.01.10"]
[Round "3.26"]
[White "Murphy, Hugh W"]
[Black "Ivell, Nicholas"]
[Result "1/2-1/2"]
[WhiteElo "2167"]
[BlackElo "2252"]
[PlyCount "69"]
[EventDate "2015.01.10"]
[WhiteTeam "Grantham Sharks 2"]
[BlackTeam "Spirit of Atticus A"]

1. e4 c5 2. b3 e6 3. Bb2 d5 4. exd5 exd5 5. Bb5+ Bd7 6. Qe2+ Qe7 7. Nc3 Qxe2+
8. Ngxe2 d4 9. Bxd7+ Kxd7 10. Nb5 a6 11. Na3 Nc6 12. c3 Re8 13. Kf1 Nf6 14.
cxd4 cxd4 15. d3 Bxa3 16. Bxa3 Re5 17. Bb2 Rd5 18. Ke1 Rd8 19. Kd2 Kc8 20. Rac1
Kb8 21. f3 Ra5 22. a4 Rad5 23. Ba3 Ne8 24. Rc5 Nc7 25. Rxd5 Nxd5 26. Re1 Nc7
27. Ng3 Ne6 28. Ne4 Kc7 29. Nc5 Nxc5 30. Bxc5 Rd5 31. Rc1 b6 32. Ba3 Kd7 33.
Re1 h5 34. Re4 g6 35. Bf8 1/2-1/2